Basic mechanics with engineering applications (Record no. 612324)

000 -LEADER
fixed length control field 00382nam a22001337a 4500
020 ## - INTERNATIONAL STANDARD BOOK NUMBER
International Standard Book Number 780713136203
040 ## - CATALOGING SOURCE
Transcribing agency Nust
082 ## - DEWEY DECIMAL CLASSIFICATION NUMBER
Classification number 531.02462
Author Mark FAW'B
100 ## - MAIN ENTRY--PERSONAL NAME
Personal name J. N Fawcett
9 (RLIN) 126960
245 ## - TITLE STATEMENT
Title Basic mechanics with engineering applications
260 ## - PUBLICATION, DISTRIBUTION, ETC.
Place of publication, distribution, etc. London:
Name of publisher, distributor, etc. Edward Arnold,
Date of publication, distribution, etc. 1993.
650 ## - SUBJECT ADDED ENTRY--TOPICAL TERM
Topical term or geographic name entry element Basic mechanics with engineering applications
9 (RLIN) 126961
942 ## - ADDED ENTRY ELEMENTS (KOHA)
Source of classification or shelving scheme
Koha item type Book
Holdings
Withdrawn status Lost status Source of classification or shelving scheme Damaged status Not for loan Permanent Location Current Location Shelving location Date acquired Total Checkouts Full call number Barcode Date last seen Price effective from Koha item type
          College of Electrical & Mechanical Engineering (CEME) College of Electrical & Mechanical Engineering (CEME) General Stacks 11/19/2024   531.02462 FAW'B CEME- 30132 11/19/2024 11/19/2024 Book
© 2023 Central Library, National University of Sciences and Technology. All Rights Reserved.